Сополимеризация 9-винилкарбазола с 2-метил-5-винилпиридином; Материалы Менделеевской межвузовской конференции (Томск, 21-22 февраля 1984 г.)

Bibliografiske detaljer
Parent link:Материалы Менделеевской межвузовской конференции (Томск, 21-22 февраля 1984 г.).— 1984.— С. 92-93
Andre forfattere: Ротарь О. В. Ольга Васильевна, Сутягин В. М. Владимир Михайлович, Лопатинский В. П. Вадим Петрович, Суменко Д. И. Дмитрий Иванович
Summary:Деп. в ОНИИТЭХим, г. Черкассы, 28.12.84, № 1202-ХП-84.
Sprog:russisk
Udgivet: 1984
Fag:
Format: MixedMaterials Book Chapter
KOHA link:https://koha.lib.tpu.ru/cgi-bin/koha/opac-detail.pl?biblionumber=594427

MARC

LEADER 00000naa0a2200000 4500
001 594427
005 20250206120743.0
029 0 0 |a SU  |b 1202-ХП-84  |f ОНИИТЭХим 
035 |a (RuTPU)RU\TPU\tpu\9574 
035 |a RU\TPU\tpu\9570 
090 |a 594427 
100 |a 20021002d1984 k y0rusy50 ca 
101 0 |a rus 
102 |a RU 
200 1 |a Сополимеризация 9-винилкарбазола с 2-метил-5-винилпиридином  |f О. В. Ротарь [и др.] 
300 |a Деп. в ОНИИТЭХим, г. Черкассы, 28.12.84, № 1202-ХП-84. 
463 |t Материалы Менделеевской межвузовской конференции (Томск, 21-22 февраля 1984 г.)  |o секция физической и органической химии  |v С. 92-93  |d 1984 
610 1 |a труды учёных ТПУ 
701 1 |a Ротарь  |b О. В.  |c химик-технолог  |c доцент Томского политехнического университета, кандидат химических наук  |f 1947-  |g Ольга Васильевна  |3 (RuTPU)RU\TPU\pers\4135  |9 12536 
701 1 |a Сутягин  |b В. М.  |c кандидат химических наук  |c ХТФ  |f 1936-  |g Владимир Михайлович  |3 (RuTPU)RU\TPU\pers\3438 
701 1 |a Лопатинский  |b В. П.  |c доктор технических наук  |c ХТФ  |f 1924-  |g Вадим Петрович  |3 (RuTPU)RU\TPU\pers\3199 
701 1 |a Суменко  |b Д. И.  |c ХТФ  |f 1959-  |g Дмитрий Иванович  |3 (RuTPU)RU\TPU\pers\6372 
801 2 |a RU  |b 63413507  |c 20100225  |g PSBO 
942 |c BK